Database mangement systems : A handbook for managers and their advisors

Gorde:
Xehetasun bibliografikoak
Formatua: Liburua
Hizkuntza:Undetermined
Argitaratua: Mason, OH. Thomson/South-Western 2003
Gaiak:
Etiketak: Etiketa erantsi
Etiketarik gabe, Izan zaitez lehena erregistro honi etiketa jartzen!
Thư viện lưu trữ: Trung tâm Học liệu Trường Đại học Cần Thơ
LEADER 00547nam a2200193Ia 4500
001 CTU_124451
008 210402s9999 xx 000 0 und d
020 |c 799000 
082 |a 005.74068 
082 |b D232 
245 0 |a Database mangement systems : 
245 2 |b A handbook for managers and their advisors 
245 0 |c Joel G. Siegel ... [et al.] 
260 |a Mason, OH. 
260 |b Thomson/South-Western 
260 |c 2003 
650 |a Database management. 
904 |i Minh 
980 |a Trung tâm Học liệu Trường Đại học Cần Thơ